000 00706nam a2200181Ia 4500
008 100921s9999 xx 000 0 und d
082 _b24639
_a920.02 थ 92
100 _aकुलकर्णी अरूण.
245 _aआठव.
260 _bसाहित्य सेवा प्रकाशन, औरंगाबाद.
_c1992
300 _a119
_bमॅजेस्टीक प्रकाशन,पुणे.
365 _b50
520 _aचरित्र- संग्रह,व्यिक्तचित्रे.
630 _aआठव.
650 _aचरित्र- संग्रह,व्यिक्तचित्रे.
730 _aआठव.
942 _cBOOK
999 _c773752
_d773749